[Event "Women's Olympiad"]
[Site "Baku"]
[Date "2016.09.09"]
[Round "7.24"]
[White "Yuan, Yuanling"]
[Black "Unuk, Laura"]
[Result "1-0"]
[WhiteElo "2205"]
[BlackElo "2332"]
[Annotator "Yuanling Yuan"]
[PlyCount "79"]
[EventDate "2016.09.02"]
[EventType "team-swiss"]
[EventRounds "11"]
[EventCountry "AZE"]
[SourceTitle "Chess Canada 2016Olympia"]
[Source "CFC"]
[SourceDate "2016.12.01"]

{The Canadian women's team was paired against Slovenia in round 7 after
defeating Portgual in the previous round. Two years ago at the Norway Olympiad
we had lost to Slovenia but this time was different. We had a much stronger
team and we were all prepared to fight! I was paired against Laura Unuk, a
talented 17-year-old. She was my toughest opponent yet.} 1. e4 e5 2. Nf3 Nc6 3.
Bb5 a6 4. Ba4 Nf6 5. O-O b5 6. Bb3 Bc5 7. c3 d6 8. d4 Bb6 {[#]} 9. Be3 (9. a4
Bg4 10. h3 Bh5 11. Bg5 Rb8 12. Qd3 Bxf3 13. Bd5 Nxd4 $14 {(1-0, 40) Kosteniuk,
A (2525)-Stefanova,A (2548) Beijing (blitz), 2008.} (13... Bxe4 $5)) 9... O-O
10. h3 h6 11. Nbd2 Re8 12. Re1 {[#]} exd4 {Up until this point everything was
still in my prep book. After ...exd4, I was on my own!} 13. cxd4 Na5 14. Bc2
Bb7 15. d5 c6 16. b4 Nc4 17. Nxc4 bxc4 18. dxc6 {[#]} Bxc6 (18... Bxe3 $2 {
Looks good initially but is actually disatrous for Black after,} 19. cxb7 Bxf2+
20. Kxf2 Qb6+ 21. Qd4 Qxb7 22. Qxd6 Rad8 23. Qc5 Rc8 24. Qf5 $18 {White's up a
piece and my King is safe and I'm threatening e4-e5 next move.}) 19. Bxb6 Qxb6
20. Qxd6 Rad8 21. Qf4 Qxb4 22. e5 {[#] She spent a long time thinking here, as
if she just discovered what I've been scheming.} Nd5 (22... Bxf3 {is better}
23. Qxf3 Qb2 (23... Nd7 24. Rad1 Nf8 $11 {(0-1, 45) Mammadzada,G (2316)
-Durarbayli,V (2621) Doha, 2014.}) 24. Qf5 (24. exf6 Rxe1+ 25. Rxe1 Qxc2 $11)
24... Rd5 25. Rab1 Qd4 26. Rbd1 Qc3 27. f4 $11) 23. Qe4 g6 24. Nd4 ({I was
debating between Nd4 and Qh4 here, but eventually decided to go with Nd4 - the
knight looks too good on that square to turn it down!} 24. Qh4 Kg7 25. Rab1 Qc5
26. Nd4 Re7 27. e6 Be8 28. Re5 $14) 24... Ba4 25. Bxa4 Qxa4 {[#]} 26. e6 Kh7 $2
(26... f5 {the move I was expecting} 27. Qe5 $14) 27. Qf3 f6 {Black's queen is
totally stuck on the side and away from the action.} (27... f5 $4 28. Nxf5 $1
gxf5 29. Qxf5+ Kh8 30. Qg6 Re7 31. Qxh6+ Rh7 32. e7 $1 $18 {Black's Q is a
distant spectator, and} Re8 33. Qf8+ {is lights out.}) 28. Rad1 c3 {[#]} 29. e7
$2 {At this point I was already in time pressure. The formula is simple:
complex position + time trouble = e7 was not the best move.} (29. Ne2 {is the
best move, according to the computer. But seriously, who would've thought to
retreat the knight in an ATTACKING position? #counterintuitive} Qc4 30. Nxc3 $3
Qxc3 31. e7 $1 Qxf3 32. exd8=Q $18 {a brilliant tactic.}) 29... Rxe7 30. Rxe7+
Nxe7 31. Re1 {[#]} Nd5 $2 (31... Ng8 {is much better for Black} 32. Ne6 {
threatening Qb7} Rb8 (32... Re8 33. Qb7+ Re7 34. Nf8+ $18) 33. Qxc3 Rb7 34. Nc5
Qc6 $14 {Still slightly more pleasant for White, but I would've lost all of my
advantages.}) 32. Ne6 Rd6 33. Nf8+ {[#]Critical position} Kg7 $2 (33... Kg8 $8
34. Qg3 {(Nxg6 transposes)} Rd8 $8 35. Nxg6 Kf7 36. Nh4 Ne7 (36... Re8 37. Qg6+
$11) 37. Qe3 Rd7 38. g3 c2 39. Qxh6 Qb4 {editor - According to the computer,
it's unbalanced but equal after} 40. Qh5+ Kg7 41. Rxe7+ $8 Rxe7 42. Qg6+ $11)
34. Qg3 Nf4 35. Nxg6 Rd3 36. Re7+ (36. Qxf4 {also winning} Qxf4 37. Nxf4 Rd2
38. Kf1 Rxa2 39. Rc1 Ra3 40. Nd5) 36... Kg8 {[#]} 37. f3 $1 (37. Qg4 $4 {
editor -} Nxh3+ $19) 37... Qd1+ 38. Kh2 Nh5 39. Qg4 Rd5 40. Qe6# {Overall, I
was very happy with my play in this game. What an exciting one! The Canadian
team went on to win the match against Slovenia 2.5 - 1.5!} 1-0

[Event "Women's Olympiad"]
[Site "Baku"]
[Date "2016.09.09"]
[Round "7.4"]
[White "Leonardi, Caterina"]
[Black "Ouellet, Maili-Jade"]
[Result "0-1"]
[WhiteElo "2024"]
[BlackElo "1992"]
[Annotator "John Upper"]
[PlyCount "68"]
[EventDate "2016.09.02"]
[EventType "team-swiss"]
[EventRounds "11"]
[EventCountry "AZE"]
[SourceTitle "Chess Canada 2016Olympia"]
[Source "CFC"]
[SourceDate "2016.12.01"]
[WhiteTeam "Slovenia (W)"]
[BlackTeam "Canada (W)"]
[WhiteTeamCountry "SLO"]
[BlackTeamCountry "CAN"]

1. d4 d5 2. c4 e6 3. Nf3 Nf6 4. g3 Be7 5. Bg2 O-O 6. O-O {[#]} b6 (6... dxc4 7.
Qc2 a6 {is the start of the main-line in the open Catalan.}) 7. Qc2 {White
continues to play in Catalan style, ensuring the safety of the c4 pawn; but
now that Black has played ...b6 White doesn't have to worry about getting the
pawn back after ...dxc4 -- since Ne5 would be strong -- so here Nc3 is a more
testing move.} Bb7 8. b3 c5 9. Bb2 Qc7 10. Nbd2 Nbd7 11. Rac1 Rac8 12. cxd5
exd5 13. Ne5 {[#]} Nxe5 $5 {Not the safest move -- ...Rfe8 or ...Qd6 -- but
definitely the most interesting, as the resulting pawn structure is very
unbalanced. After the exchange on e5 the game follows its normal strategic
course: Black pushes her queenside majority to create a passed pawn while
White pushes her central majority to create attacking chances.} 14. dxe5 Nd7
15. f4 (15. Nf3 Qc6 {and ...Qe6 to attack e5.}) 15... b5 $1 {Black gets her
queenside majority started. White has more than one reasonable way to play,
and chooses to trade center pawns, giving her pieces the use of e4.} 16. e4 (
16. Bh3 $5 {hits d7 and c8, and gives White another way to undermine Black's
pawns; e.g. e5-e6.}) (16. e3 {and Nf3 to restrain Black's center pawns also
makes sense.}) 16... c4 $1 (16... d4 $2 17. Bxd4 $16) {[#]} 17. exd5 (17. Rfd1
$6 Nc5 $1 18. exd5 Nd3 19. Qxd3 (19. d6 $2 Qc5+ {and there's a smothered mate.}
) 19... Bc5+ 20. Bd4 $1 cxd3 21. Bxc5 Rfd8 22. d6 Qd7 23. Bxb7 Qxb7 24. b4 {
Black is better, but it would be an interesting challenge to find a way to
effectively open lines for her majors.}) 17... Bxd5 18. bxc4 (18. Bxd5 Qc5+ 19.
Rf2 Qxd5 20. bxc4 bxc4 21. Qe4 Nb6 $13 {It's hard to tell if Black's passed
pawn is strong or weak.}) 18... bxc4 19. Bd4 Bxg2 20. Kxg2 Nb6 21. Qe4 Rfd8 22.
Nf3 {[#]} Bc5 (22... Nd5 $5 23. f5 (23. Ng5 $5) 23... f6 $1 (23... Qc6 $5) 24.
e6 $140 c3 25. Rc2 Qa5 $15 {threatening ...Qa4 and ...Rc4.}) 23. Rfd1 h6 24. f5
Qc6 25. Qh4 $6 (25. Qxc6 $11) 25... Bxd4 26. Rxd4 Rxd4 27. Qxd4 c3 $15 28. f6
Qb5 {[#]} 29. Rc2 $2 (29. Rxc3 $4 Qb2+ $19) (29. Qe4 $142 $15) 29... Qb1 $1 30.
Qf2 (30. Qe4 Rc4 $1 31. Qd3 Nd5 $1 {is similar to the game.}) 30... Nd5 {
Setting up tactics with ...Ne3+.} 31. Nd4 {[#]Critical Position What's better:
...Rc4 or ...Nb4} Rc4 $1 (31... Nb4 $4 {This actually throws away all of
Black's advantage as now White's f6-pawn and Q give enough play to draw,
though the full line has to be seen to be believed:} 32. Qf5 $8 Rc7 $1 33. Qg4
$8 g6 34. Qf3 $11 Nxc2 35. Qa8+ Kh7 36. Qf8 Ne3+ $8 37. Kf3 Qf5+ $5 (37... Qf1+
38. Kxe3 Qg1+ $11) 38. Nxf5 $4 (38. Ke2 $8 Qf1+ 39. Kxe3 Qg1+ $8 $11 {Black
has to give a perpetual.}) (38. Kxe3 $4 Qxe5+ $19 {White loes her f6 pawn next
and the game soon after.}) 38... Nxf5 39. Qd8 Nd4+ $8 40. Ke3 (40. Qxd4 c2 $19)
40... Ne6 $19 {The N defends everything and White's Q will be stuck doing
blockade duty on c1.}) 32. e6 (32. Nf5 {defends e3,} gxf6 (32... g6 $2 33. Ne7+
$8 Nxe7 34. fxe7 Qb7+ 35. Qf3 Qxe7 36. Rxc3 $15) 33. exf6 Kh7 $1 $19 {and
White has no tactics and no defence to ...Rc6xf6 or ...Nb4.}) 32... Rxd4 $1 33.
exf7+ (33. fxg7 f6 $1 $19 {and White has no more tricks.}) 33... Kxf7 (33...
Kf8 $4 34. fxg7+ $18) 34. fxg7+ Nf4+ $1 (34... Nf4+ $1 35. gxf4 (35. Kf3 Qb7+ {
is mating.}) 35... Qxc2 36. Qxc2 Rd2+ $19) 0-1

[Event "Women's Olympiad"]
[Site "Baku"]
[Date "2016.09.13"]
[Round "11.2"]
[White "Botez, Alexandra"]
[Black "Laubscher, Anzel"]
[Result "1-0"]
[WhiteElo "2092"]
[BlackElo "1814"]
[Annotator "John Upper"]
[PlyCount "77"]
[EventDate "2016.09.02"]
[EventType "team-swiss"]
[EventRounds "11"]
[EventCountry "AZE"]
[SourceTitle "Chess Canada 2016Olympia"]
[Source "CFC"]
[SourceDate "2016.12.01"]
[WhiteTeam "Canada (W)"]
[BlackTeam "South Africa (W)"]
[WhiteTeamCountry "CAN"]
[BlackTeamCountry "RSA"]

1. d4 d5 {Black makes a couple of indifferent moves in an IQP position and
White finishes her off with a crisp combo.} 2. c4 c6 3. Nf3 Nf6 4. Nc3 e6 5. e3
Nbd7 6. Bd3 Bd6 7. O-O O-O 8. b3 e5 9. cxd5 cxd5 10. Nb5 Bb8 11. dxe5 Nxe5 {[#]
} 12. h3 $146 {White avoids a classic trap (which I've seen more often with
colours reversed).} (12. Be2 {is more common, keeping the B and getting ready
for a standard IQP middlegame.}) (12. Bb2 Nxf3+ 13. Qxf3 $4 (13. gxf3 $142 Bh3
14. Re1 Ne4 $1 $36 15. f4 Qh4 $1 16. Qf3 Nd2 $1 (16... Rd8 $143 17. Red1 Bg4
18. Qg2 Ng5 $13 {Polugaevsky,L (2605)-Kaidanov,G (2640) Groningen, 1993.}) 17.
Qe2 $140 Bxf4 $3 18. exf4 Rae8 19. Be5 Rxe5 $19) 13... Bg4 14. Bxf6 Qd7 $1 15.
Bf5 Bxf5 {The Bf6 is hanging, and Black threatens ...Bg4 (again) trapping the
Q.} 16. Rfd1 Bg4 17. Rxd5 Bxf3 18. Rxd7 Bc6 {0-1 Mikhalevski,V (2535)-Motylev,
A (2653) Minsk (rapid), 2015.}) 12... Ne4 13. Bb2 Qf6 $6 {The piece exchanges
and exposed Q don't help Black.} (13... Nxd3 14. Qxd3 Be6 $14) (13... Nxf3+ 14.
Qxf3 a6 (14... Nd2 $2 15. Qh5 $1 $40) 15. Nc3 $14) 14. Nxe5 Bxe5 15. Bxe5 Qxe5
16. Rc1 Bd7 $2 {[#]} 17. f4 $1 {There are no good squares for the black Q.} Qe7
(17... Qb8 $2 18. Nc7 $18) (17... Qb2 18. Nc7 Rad8 19. Nxd5 $16) (17... Qf5 18.
Nd6 $5 (18. Nc7 Rad8 19. g4 Qg6 20. Nxd5 Qe6 $14 {Black might get some play
against the White kingside.}) 18... Qg6 19. Bxe4 dxe4 20. f5 $16) 18. Nc7 Nc5
19. Nxd5 Qd6 {[#]Critical Position} 20. Rxc5 $3 {Alexandra took under 2
minutes for this move.} Qxc5 (20... Be6 21. Nf6+ gxf6 22. Bxh7+ {also wins the
Q.}) 21. Bxh7+ Kxh7 22. Qh5+ Kg8 23. Nf6+ gxf6 24. Qxc5 {[#] White is
completely winning, but it's a team event, so Black struggled on.} Bc6 25. Qf5
Kg7 26. Qg4+ Kh7 27. Qf5+ Kg7 28. e4 Rad8 29. Rf3 Rd1+ 30. Kh2 Rfd8 31. Rg3+
Kf8 32. Qc5+ Ke8 33. Rg8+ Kd7 34. Rxd8+ Kxd8 35. h4 Kc7 36. h5 Rd8 37. Qe7+ Rd7
38. Qxf6 Kc8 39. Qf5 1-0

[Event "42nd Olympiad"]
[Site "Baku"]
[Date "2016.09.13"]
[Round "11.3"]
[White "Torre, Eugenio"]
[Black "Ly, Moulthun"]
[Result "1-0"]
[WhiteElo "2447"]
[BlackElo "2513"]
[Annotator "John Upper"]
[PlyCount "179"]
[EventDate "2016.09.02"]
[EventType "team-swiss"]
[EventRounds "11"]
[EventCountry "AZE"]
[SourceTitle "Chess Canada 2016Olympia"]
[Source "CFC"]
[SourceDate "2016.12.01"]
[WhiteTeam "Philippines"]
[BlackTeam "Australia"]
[WhiteTeamCountry "PHI"]
[BlackTeamCountry "AUS"]

1. d4 {This was not Torre's biggest win of the Olympiad. That was his round 7
win over Spanish GM Ivan Salgado Lopez (2662). It's complicated, but it's
hardly a fan-friendly attacking miniature. I picked this game because combines
all the things that made Torre's 2016 Olympiad so remarkable. This was the
last round of the Olympiad and it was Torre's eleventh game; Torre was 40
years older than his opponent, who was born in 1991; his opponent outrated him
by 76 points; the game is very sharp and long.} g6 2. e4 Bg7 3. Nf3 d6 {
Torre has had this position as White 15 times in his career, first in 1973,
but has never played the following move.} 4. Bd3 Nf6 5. O-O O-O 6. h3 Nc6 7. c3
e5 8. Re1 Nh5 9. Be3 {[#]} h6 (9... d5 $6 10. Bg5 f6 11. exd5 Qxd5 (11... fxg5
12. dxc6 exd4 13. Qb3+ Kh8 14. cxb7 Bxb7 15. Qxb7 dxc3 16. Nxc3 $1 Qxd3 17.
Rad1 $16 Qf5 18. Qxc7 g4 19. hxg4 Qxg4 20. Qd7 $16 {1-0 (79) Beliavsky,A (2710)
-Azmaiparashvili,Z (2645) Portoroz, 1997.}) 12. Nbd2 Kh8 13. Be3 exd4 14. Bc4
$16 {½-½ (74) Watanabe,A (2358)-Berry,J (2269) Carlos Torre Memorial, 2003.})
10. Na3 a6 (10... Bd7 11. Kh2 Nf4 12. Bf1 g5 13. Nc4 f5 14. Bxf4 exf4 15. exf5
d5 16. Nce5 Bxf5 17. Bd3 Qd6 18. Qb3 Bxd3 19. Nxd3 b6 20. Kg1 $14 {Black would
perfer to have his pawns on f7 and g6. Smirin,I (2640)-Nijboer,F (2555)
Tilburg, 1993 (1-0, 58).}) 11. Nc2 b6 12. a4 Qe8 13. b4 Kh8 14. b5 axb5 15.
axb5 Na5 16. Nb4 Be6 {[#] White has more space and Black's N's are not great.}
17. dxe5 ({Another way to play is to keep the position closed with:} 17. d5 Bd7
18. c4 Nf4 19. Na6 $14 (19. Bf1 $14)) 17... dxe5 18. Nd5 Bxd5 19. exd5 Qd7 20.
c4 Rae8 21. Bf1 {[#] White is threatening c4-c5 with queenside pressure and a
passed d-pawn. Pushing his kingside pawns looks like the only way to create
any counterplay for Black, but Torre exploits the weakened squares very
skillfully.} f5 (21... Nb7 22. Ra7 Nc5 23. Bxc5 bxc5 24. Nd2 {and Ne4 or Nb3
will leave Black straining to defend the c5-pawn.}) 22. Bc1 e4 $6 {Conceding
the d4-square isn't something Black wants to do, but it's hard to suggest what
to do. Regrouping the Na5 looks reasonable:} (22... Nb7 23. Ra7 Nc5 24. Nh4 {
Remakably, all of White's pieces are on the edge of the board, but they're all
doing somethig useful.} Kh7 25. Be3 $1 {Defends f3 and threatens Nxf5!.} Nf6 (
25... f4 $4 26. Bxc5 bxc5 27. Bd3 $18) 26. Bxc5 bxc5 27. b6 $14) 23. Nd4 Nb7
24. Ba3 Nc5 25. Bxc5 bxc5 26. Ne6 {[#]} Rxe6 $1 (26... Bxa1 {gives White the
option of regaining the exchange on f8 or sacing the exchange with Qxa1 then
Nxc5, with advantage either way.}) 27. dxe6 Qxe6 28. Ra6 $1 {[#]} Qe7 {Black
gives the g6-pawn for piece activity.} (28... Qe8 {saves the g6 pawn, but
White can target other weaknesses after} 29. Qc1 $1 {attacking the c1-h6
diagonal keeps Black's B off d4 and N off f4.} (29. Rc6 $2 {is too soon:} Bd4
$1 30. Qc1 f4 31. Bd3 Ng3 $1 $13) 29... g5 (29... f4 $2 30. Bd3 $1 $18) (29...
Kh7 30. Be2 Nf6 31. Rc6 $16) (29... Nf6 30. Qe3 Nd7 31. Rc6 $16) 30. Rc6 {
Black can hope for something with ...Bg4, but White can give back an exchange
to eliminate Black's B.}) 29. Rxg6 Nf4 30. Rc6 Qg5 31. h4 $5 (31. Re3 $1 {
protects the 3rd rank and kills Black's threats.}) 31... Qxh4 32. g3 Qg5 {
[#] The players were probably in time pressure here, but Torre plays the next
few tricky moves accurately.} 33. Qc1 $1 Be5 34. Qe3 $1 Rd8 (34... Rg8 35. Rxc5
$18) 35. Rb1 $1 {Preparing to create another open file for his extra R.} Rd2
36. b6 $1 (36. Qxd2 $4 Nh3+ 37. Bxh3 Qxd2 $15) 36... cxb6 37. Rbxb6 Rd1 38.
Rxh6+ Kg7 {[#]} 39. Rbg6+ $6 (39. Qxc5 $142 {and White wins with an attack}
Ne2+ (39... Bd4 40. Qc7+ $8 {is mating.}) 40. Kg2 Nf4+ 41. Kh2 $8 $18) 39...
Qxg6 $8 40. Rxg6+ Nxg6 41. Qxc5 f4 $1 {Trades a potential target pawn and
exposes both Ks.} 42. gxf4 Bxf4 43. Qa3 {[#]} Ne5 (43... Rc1 $2 {drops the
e-pawn:} 44. Qb2+ Ne5 (44... Kh6 45. Qe2 $18) 45. Qb7+ Kf6 46. Qxe4 $18) 44.
Kg2 {Natural, but this doesn't help.} (44. c5 $2 Nf3+ $8 45. Kg2 Rd5 $8 46. c6
$4 {loses to a long string of only moves:} (46. Qa7+ $11) 46... Rg5+ 47. Kh3
Rh5+ 48. Kg4 Rh4+ 49. Kf5 Nd4+ 50. Kxe4 Bd6+ 51. Kd5 Bxa3 52. c7 Nf5 $1 $19 (
52... Rh8 $4 53. Bh3 $11)) 44... Rd2 $1 {threatening ...e3.} 45. Qe7+ Kg6 46.
Qe8+ $1 Kg5 47. Qg8+ $1 Ng6 (47... Kf6 48. Qf8+ Kg5 49. Qg7+ Kf5 50. Qh7+ Ng6
51. Qh5+ Kf6 52. Kg1) 48. Kg1 e3 49. fxe3 Bxe3+ 50. Kh1 {[#] White is better,
but this is an exhausting nightmare of almost 100% calculation. And remember:
White is 65-years-old, and this is his 11th game of the Olympiad....} Bf4 $2 {
... but his 25-year-old opponent cracks first.} (50... Rc2 $4 51. Bd3 $18) (
50... Rd1 $1 51. Kg2 Rd2+ 52. Kf3 Bg1 {and the B does double duty, attacking
the K and controlling the c-pawn.}) 51. c5 Kf6 52. c6 Bc7 53. Qc8 Rh2+ 54. Kg1
Rh7 55. Bd3 {[#]} Bb6+ (55... Rg7 56. Qf5+ Ke7 57. Qg5+ Kf7 58. Bc4+ Ke8 59.
Kf1 $1 Be5 60. c7 $3 Bxc7 61. Qf6 Be5 62. Bb5+ $18) 56. Kf1 Rf7 {Now Qf5+
self-skewers after ...Kg7.} 57. Bc4 Rf8 58. Qe6+ Kg5+ 59. Ke1 $8 Rd8 60. Qf7
Ba5+ 61. Ke2 $8 (61. Kf2 $4 Rf8 $11) 61... Nf4+ 62. Kf3 Ng6 63. Ke4 Bb6 64.
Qf5+ Kh6 65. Bd5 Re8+ {[#] White has made a lot of progress: his pawn is only
one dark square from promotion and his K is out of the box and Black's pieces
are losing their coordination.} 66. Be6 $8 (66. Kd3 $2 Re5 $8 $11) 66... Bc7
67. Kd4 Rd8+ 68. Kc3 Rd6 69. Bd7 Ne5 70. Qf8+ Kg5 71. Qc8 Ba5+ 72. Kb3 Rd3+ 73.
Ka4 Bd2 74. Qe8 Kf4 75. Qe6 Rd4+ 76. Kb3 Nxd7 77. cxd7 Ba5 78. Qf6+ Ke4 79. Qa6
Rd5 80. Qxa5 $1 Rxd7 {[#] It's a book win, but it's harder to win than most
players think. One useful heuristic when the R is separated from the K: play
checks on squares adjacent to the diagonal leading to the R.} 81. Qa8+ Ke5 82.
Qe8+ Kd6 83. Kc4 Rb7 84. Qg6+ Kc7 85. Kc5 Kb8 86. Qe4 Kc7 87. Qf3 Rb1 (87...
Kb8 88. Kc6 Rc7+ 89. Kb6 $18) 88. Qf4+ Kd8 89. Qg5+ Kc7 90. Qe5+ (90. Qe5+ {
K to the 8th loses the R to Qh8+ and Qh7+.}) 1-0